<?xml version="1.0" encoding="UTF-8"?>
<record
    xmlns:xsi="http://www.w3.org/2001/XMLSchema-instance"
    xsi:schemaLocation="http://www.loc.gov/MARC21/slim http://www.loc.gov/standards/marcxml/schema/MARC21slim.xsd"
    xmlns="http://www.loc.gov/MARC21/slim">

  <leader>02112cam a2200217 i 4500</leader>
  <datafield tag="999" ind1=" " ind2=" ">
    <subfield code="c">39394</subfield>
    <subfield code="d">39394</subfield>
  </datafield>
  <datafield tag="020" ind1=" " ind2=" ">
    <subfield code="a">9781498725361 (pbk. : acidfree paper)</subfield>
  </datafield>
  <datafield tag="082" ind1="0" ind2="0">
    <subfield code="a">363.73874</subfield>
    <subfield code="b">BUL-L</subfield>
  </datafield>
  <datafield tag="100" ind1="1" ind2=" ">
    <subfield code="a">Bullock, Jane A.,</subfield>
    <subfield code="e">author.</subfield>
  </datafield>
  <datafield tag="245" ind1="1" ind2="0">
    <subfield code="a">Living with climate change:</subfield>
    <subfield code="b">how communities are surviving and thriving in a changing climate/</subfield>
    <subfield code="c">Jane A. Bullock, George D. Haddow, Kim S. Haddow, Damon P. Coppola.</subfield>
  </datafield>
  <datafield tag="260" ind1=" " ind2=" ">
    <subfield code="a">London:</subfield>
    <subfield code="b">CRC Press,</subfield>
    <subfield code="c">2016.</subfield>
  </datafield>
  <datafield tag="300" ind1=" " ind2=" ">
    <subfield code="a">xxxvi, 286p:</subfield>
    <subfield code="b">illustrations, maps ;</subfield>
  </datafield>
  <datafield tag="500" ind1=" " ind2=" ">
    <subfield code="a">"An Auerbach book."</subfield>
  </datafield>
  <datafield tag="504" ind1=" " ind2=" ">
    <subfield code="a">Includes bibliographical references and index.</subfield>
  </datafield>
  <datafield tag="520" ind1=" " ind2=" ">
    <subfield code="a">The climate has changed and communities across America are living with the consequences: rapid sea level rise, multi-state wildfires, heat waves, and enduring drought. Living with Climate Change: How Communities Are Surviving and Thriving in a Changing Climate details the steps cities are taking now to protect lives and businesses, to reduce their vulnerability, and to adapt and make themselves more resilient.

The authors included in this book have been directly involved in the successful design and implementation of community-based adaptation and resilience programs. In this book, they apply decades of combined experience in hazard risk reduction, climate change adaptation, and environmental protection to provide timely and practical advice on how to plan for and live with a climate that is changing faster and more erratically than predicted.

The book also examines obstacles to local, state, and national action on climate change, includes case studies to illustrate smart, effective policies and practices that have already been put in place, and defines how these actions benefit the economy, the environment, and public health. Living with Climate Change provides much-needed guidance for finding and enacting solutions to immediate and future risks of climate change.</subfield>
  </datafield>
  <datafield tag="650" ind1=" " ind2="0">
    <subfield code="a">Climatic changes</subfield>
    <subfield code="x">Risk management.</subfield>
  </datafield>
  <datafield tag="650" ind1=" " ind2="0">
    <subfield code="a">Urban policy</subfield>
    <subfield code="x">Environmental aspects.</subfield>
  </datafield>
  <datafield tag="650" ind1=" " ind2="0">
    <subfield code="a">Hazard mitigation.</subfield>
  </datafield>
  <datafield tag="650" ind1=" " ind2="0">
    <subfield code="a">Urban ecology (Sociology)</subfield>
  </datafield>
  <datafield tag="650" ind1=" " ind2="0">
    <subfield code="a">Urban ecology (Biology)</subfield>
  </datafield>
  <datafield tag="942" ind1=" " ind2=" ">
    <subfield code="2">ddc</subfield>
    <subfield code="c">BK</subfield>
  </datafield>
  <datafield tag="952" ind1=" " ind2=" ">
    <subfield code="0">0</subfield>
    <subfield code="1">0</subfield>
    <subfield code="4">0</subfield>
    <subfield code="7">0</subfield>
    <subfield code="a">NASSDOC</subfield>
    <subfield code="b">NASSDOC</subfield>
    <subfield code="d">2024-03-21</subfield>
    <subfield code="e">Overseas Press India Limited</subfield>
    <subfield code="g">3669.26</subfield>
    <subfield code="i">20-03-2024</subfield>
    <subfield code="l">0</subfield>
    <subfield code="o">363.73874 BUL-L</subfield>
    <subfield code="p">54455</subfield>
    <subfield code="r">2024-05-24 00:00:00</subfield>
    <subfield code="v">5645.02</subfield>
    <subfield code="w">2024-05-24</subfield>
    <subfield code="y">BK</subfield>
  </datafield>
</record>
